Coffee Drinking Countries - Statistics

General Stats
  • This quiz has been taken 70 times
  • The average score is 10 of 16
Answer Stats
Hint Answer % Correct
1.5 France
84%
1.6 Germany
78%
1.6 Brazil
75%
3.8 Finland
72%
2.6 Norway
72%
2.6 Sweden
70%
1.6 Canada
66%
2 Austria
64%
2 Denmark
63%
1.7 Greece
63%
1.8 Netherlands
55%
1.9 Switzerland
55%
1.6 Belgium
52%
5.3 Luxembourg
48%
1.5 Slovenia
34%
1.6 Lebanon
11%
No matching quizzes found
Score Distribution
Percent of People with Each Score
Percentile by Number Answered
Your Score History
You have not taken this quiz